000 00649nam a2200229Ia 4500
003 OSt
005 20221007072226.0
006 a|||||r|||| 00| 0
007 ta
008 221006b |||||||| |||| 00| 0 eng d
024 _a9,377
037 _cReference Collections
040 _aFLL
_cFLL
_beng
041 _2eng
_aeng
082 _aZ1,255, P3
100 _aIyer R. Ramaswamy Au.
_9690302
245 0 _aWater perspectives, issues, concerns
260 _aLondon
_bSage publications London
_c2003
300 _a368p
_ccm.
942 _hZ1,255, P3
_cREF
_2CC
999 _c1145477
_d1145477